| 000 | 00523nam a22001577a 4500 | ||
|---|---|---|---|
| 003 | SISC | ||
| 005 | 20191118104412.0 | ||
| 008 | 161123b xxu||||| |||| 00| 0 eng d | ||
| 020 | _a9781284074932 | ||
| 050 |
_aQA 76.9.A25 _b.F981 2016 |
||
| 245 |
_aFundamentals of information systems security: _blaboratory manual to accompany / |
||
| 260 |
_aMA : _bJones & Barlett Learning, _c2016. |
||
| 300 |
_ax, 246 pages : _billustrations ; _c25 cm. |
||
| 440 | _aInformation systems security & assurance series | ||
| 942 |
_2lcc _cBK |
||
| 999 |
_c305287 _d305287 |
||